[Event "Guillermo Garcia Memorial op 24th"]
[Site "Santa Clara"]
[Date "2015.06.11"]
[Round "9"]
[White "Franco Aquilar, Orelvis"]
[Black "Aguilera Rodriguez, Alfredo R"]
[Result "0-1"]
[WhiteElo "2169"]
[BlackElo "2308"]
[PlyCount "90"]
[EventDate "2015.06.03"]
[EventType "swiss"]
[EventRounds "9"]
[EventCountry "CUB"]
[SourceTitle "CBM 167 Extra"]
[Source "ChessBase"]
[SourceDate "2015.09.14"]
[SourceVersion "1"]
[SourceVersionDate "2015.09.14"]
[SourceQuality "1"]

1. e4 c5 2. Nf3 d6 3. d4 cxd4 4. Nxd4 Nf6 5. Nc3 a6 6. Be3 e5 7. Nb3 Be6 8. f3 Be7 9. Qd2 0-0 10. 0-0-0 a5 11. Qe1 Qc8 12. a4 Nc6 13. Kb1 Nb4 14. g4 d5 15. g5 Ne8 16. exd5 Bf5 17. Rd2 Nc7 18. Na1 Rd8 19. Qd1 Ne8 20. Bb5 Nd6 21. Qe2 Bd7 22. Rdd1 Nxb5 23. Nxb5 Bf5 24. Bb6 Rd7 25. d6 Bxg5 26. Nc7 Rxc7 27. Bxc7 Qe6 28. b3 Nxc2 29. Kb2 Nxa1 30. Rxa1 e4 31. Rae1 e3 32. Ka2 Qe5 33. f4 Bxf4 34. Rhf1 Be6 35. Qf3 Qc3 36. Rb1 Be5 37. Qe4 Qd2+ 38. Ka3 Bc3 39. Bxa5 Bxa5 40. Rfd1 Qxh2 41. Qxe3 b5 42. Rb2 Bb4+ 43. Kxb4 Qxb2 44. d7 Bxd7 45. Rxd7 bxa4 0-1

[Event "Guillermo Garcia Memorial op 24th"]
[Site "Santa Clara"]
[Date "2015.06.07"]
[Round "5"]
[White "Franco Aquilar, Orelvis"]
[Black "Ben Artiles, Laura"]
[Result "1-0"]
[WhiteElo "2169"]
[BlackElo "2129"]
[PlyCount "171"]
[EventDate "2015.06.03"]
[EventType "swiss"]
[EventRounds "9"]
[EventCountry "CUB"]
[SourceTitle "CBM 167 Extra"]
[Source "ChessBase"]
[SourceDate "2015.09.14"]
[SourceVersion "1"]
[SourceVersionDate "2015.09.14"]
[SourceQuality "1"]

1. e4 c5 2. Nf3 e6 3. d4 cxd4 4. Nxd4 Nc6 5. Nc3 Qc7 6. f4 a6 7. Nxc6 Qxc6 8. Bd3 b5 9. Qe2 Bb7 10. Bd2 Bc5 11. 0-0-0 Ne7 12. a3 0-0-0 13. Rhe1 d6 14. Kb1 Kb8 15. Na2 Rc8 16. Bc3 Rhg8 17. Qh5 f6 18. Qxh7 Qb6 19. Qh3 e5 20. g3 Rh8 21. Qg2 Nf5 22. Qe2 Ne3 23. Rc1 exf4 24. gxf4 Rh3 25. Rg1 Qc7 26. Rg3 Rch8 27. Rxh3 Rxh3 28. Be1 Qe7 29. Nc3 Ka7 30. Bg3 Kb8 31. Re1 Qd7 32. Nd5 Nxd5 33. exd5 Bxd5 34. Qe8+ Qxe8 35. Rxe8+ Kc7 36. Re7+ Kc6 37. Rxg7 Bg1 38. Bf5 Rh8 39. h4 a5 40. Bg6 b4 41. a4 b3 42. cxb3 Bxb3 43. Bc2 Bd5 44. Bd3 Be3 45. Be1 Kb6 46. Bg3 Rc8 47. Bc2 Bf3 48. f5 d5 49. Rg6 Rc6 50. Rg8 d4 51. Rd8 Be2 52. Rb8+ Ka7 53. Rd8 Bf1 54. h5 Be2 55. h6 d3 56. Bxd3 Bxd3+ 57. Rxd3 Bxh6 58. Rd7+ Ka8 59. Rd5 Rc1+ 60. Ka2 Rc2 61. Rxa5+ Kb7 62. Rb5+ Kc6 63. Be1 Rc4 64. Kb3 Re4 65. Bc3 Bg5 66. Rb4 Re2 67. a5 Rf2 68. a6 Be3 69. Bxf6 Rxf5 70. Bc3 Rf7 71. Re4 Bc5 72. Kc4 Bd6 73. Bd4 Bb8 74. b4 Ba7 75. Bxa7 Rxa7 76. b5+ Kb6 77. Re6+ Ka5 78. Kc5 Rc7+ 79. Rc6 Rh7 80. Rc8 Rh5+ 81. Kc6 Rh6+ 82. Kb7 Rb6+ 83. Kc7 Kxb5 84. a7 Rc6+ 85. Kd7 Rxc8 86. Kxc8 1-0